Name the Detroit Red Wing by picture - Statistics

General Stats
  • This quiz has been taken 20 times
  • The average score is 19 of 28
Answer Stats
Picture Hint Answer % Correct
C Steve Yzerman
94%
LW Brendan Shanahan
89%
RW Gordie Howe
89%
C Henrik Zetterberg
89%
C Pavel Datsyuk
89%
D Chris Chelios
83%
G Chris Osgood
83%
D Nicklas Lidstrom
83%
G Terry Sawchuk
83%
C Kris Draper
78%
RW Darren McCarty
72%
G Dominik Hasek
72%
D Niklas Kronwall
72%
C Sergei Federov
72%
LW Ted Lindsay
72%
D Vladimir Konstantinov
72%
F Bob Probert
67%
C Igor Larionov
67%
RW Johan Franzen
67%
G Mike Vernon
61%
LW Tomas Holmstrom
56%
RW Joe Kocur
50%
LW Kirk Maltby
50%
D Slava Fetisov
50%
C Keith Primeau
44%
RW Mickey Redmond
44%
LW Slava Kozlov
44%
RW Martin Lapointe
39%
No matching quizzes found
Score Distribution
Percent of People with Each Score
Percentile by Number Answered
Your Score History
You have not taken this quiz